Vista normal
Vista MARC
Entrada Materia (personas)
Número de registros utilizados en: 1
001 - CONTROL NUMBER
- control field: 159905
003 - CONTROL NUMBER IDENTIFIER
- control field: Co-BoUCM
005 - DATE AND TIME OF LATEST TRANSACTION
- control field: 20211110133322.0
008 - FIXED-LENGTH DATA ELEMENTS
- fixed length control field: 211110|| aca||aabn | a|a d
040 ## - CATALOGING SOURCE
- Original cataloging agency: Co-BoUCM
- Transcribing agency: Co-BoUCM
100 ## - HEADING--PERSONAL NAME
- Personal name: Rodríguez Becerra, Carlos Hernán
670 ## - SOURCE DATA FOUND
- Source citation: Work cat.: (Co-BoUCM)39028: Rodríguez Becerra, Carlos Hernán, La gestión, el control y la responsabilidad fiscal de la administración pública en Colombia, 2011